00914naa a2200217 i 4500001000400000003000400004005001700008008003900025040000800064080001000072100016600082245007300248260001000321500002600331650001600357655003000373711012400403773014100527942001300668999001500681BPPBPK20150210103453.0150210s1990 pl f |100 0 pol cBPK a628.8 aCIERPISZ, Zbigniew.d1970 - 1996.bWyższa Szkoła Inżynierska w Koszalinie - Wydział Inżynierii Lądowej i Sanitarnej,cZakład Ogrzewnictwa i Wentylacji aKanał ciepłowniczy z przewodami elastycznymi /cZbigniew Cierpisz. c1990. aDane z kartoteki bpp. 0aOgrzewanie. 0aMateriały konferencyjne. aMiędzynarodowa Konferencja : Klimatyzacja i ciepłownictwod(1990.06.24-27 ;cWrocław - Szklarska Poręba, Polska). iW :tKlimatyzacja i ciepłownictwo : Materiały Międzynarodowej Konferencji. -dWrocław : Politechnika Wrocławska, 1990. -gs. 58-62 cART2UKD c6873d6873